Statistics for Disney Horses

Click here to take the quiz!

General Stats

  • This quiz has been taken 93 times
  • The average score is 4 of 9

Answer Stats

HintAnswer% Correct
TangledMaximus
82%
Toy StoryBullseye
71%
HerculesPegasus
62%
BraveAngus
42%
MulanKhan
34%
Beauty and the BeastPhilippe
30%
Sleeping BeautySamson
21%
CinderellaMajor
18%
101 DalmationsCaptain
17%

Score Distribution

Percentile by Number Answered

Percent of People with Each Score

Your Score History

You have not taken this quiz